Les maladies mentales au cinéma - Statistiques

Statistiques générales
  • Ce quiz a été pris 850 fois
  • Le résultat moyen est 9 sur 16
Statistiques - réponses
Par images Réponse % Correct
Joker
96%
Shining
90%
Fight Club
89%
Shutter Island
77%
Black Swan
76%
Le silence des agneaux
76%
Psychose
75%
Split
64%
Orange mécanique
61%
Vol au dessus d'un nid de coucou
45%
Rain Man
42%
Requiem for a dream
39%
L'armée des 12 singes
25%
Un Homme d'exception
17%
Melancholia
15%
Sucker Punch
15%
Aucun quiz correspondant
Distribution des résultats
% des personnes avec chaque résultat
Percentile par nombre de réponses
Votre historique - résultats
Vous n’avez pas pris ce quiz